000 00538nam a2200181Ia 4500
001 4521
005 20260306145802.0
008 260306t2006||||xx |||||||||||||| ||spa||
041 _aESP
082 _a324.2
_bI59
100 _aInstituto Interamericano de Derechos Humanos
_eAUT
245 0 _aFortalecimiento de los partidos políticos en América Latina:
_bInstitucionalización, democratización y transparencia
260 _c2006
300 _a188 páginas :
_c21 cm.
650 _aGEN
654 _aCDE
942 _cLIB
_dJUS
_fJUS
_2ddc
_n
999 _c4521
_d4521